| 000 | 00372nam a22001337a 4500 | ||
|---|---|---|---|
| 020 | _a0821336754 | ||
| 082 |
_a338.4 _bLEA _cD |
||
| 245 |
_aLeasing in emerging markets _cLeasing in emerging markets |
||
| 260 |
_aWasington _bThe world bank _c1996 |
||
| 300 |
_a61 p. : _bill, _c24 cm. |
||
| 526 |
_a0 _b0 _c0 _d338_400000000000000_LEA |
||
| 650 |
_aMCE _9379 |
||
| 942 |
_2ddc _cBK |
||
| 999 |
_c542107 _d542107 |
||